000 00863nas a2200265 4500
001 BR2018001911
003 BR-BrBNA
005 20231205131414.0
007 ta
008 230509b bl.|||p| |||| 00| 00por d
040 _aBR-BrBNA
_bpor
_cBiblioteca Nacional de Agricultura
041 _a(Pt)
072 _aK10; F50
100 1 _aBao, F.
100 1 _aLima, L.B. de
100 1 _aLuz, P.B. da
245 1 _aCaracterização morfológica do ramo, sementes e plântulas de Matayba guianensis Aubl. e produção de mudas em diferentes recipientes e substratos
650 _aGERMINAÇÃO
650 _aMUDA
650 _aSUBSTRATO DE CULTURA
650 _aMORFOLOGIA VEGETAL
773 0 _tRevista Árvore (Brazil)
_xISSN 0100-6762
_g(Jan-Feb 2014), v. 38(1) p. 63-71
_wBR2018001911
909 _a202311
_bLúcia
_c55
_dLúcia Elande
942 _2AGRIS
_n0
_cANA
999 _c254627
_d254627